00285nam a2200097Ia 4500008004100000082001900041100002300060245008000083260001500163300000900178210430s9999 xx 000 0 und d a509.22 N9615 O aNUST Scince Socite aOne Day Workshop on Young Researchers Skill DevelopmentcNUST Scince Socite aNUSTc2012 a16 P